El escritor oculto : Más de veinte años de escritura, viajes y silencio (Registro nro. 61765)
[ vista simple ]
| 000 -LÍDER | |
|---|---|
| Campo fijo de descripción fija | 006660000a22001210004500 |
| 100 1# - ASIENTO PRINCIPAL--NOMBRE PERSONAL | |
| Nombre personal | Solano, Andrés Felipe |
| 245 10 - TÍTULO | |
| Título del Material | El escritor oculto : Más de veinte años de escritura, viajes y silencio |
| 300 ## - DESCRIPCIÓN FÍSICA | |
| Extensión | Vol.0, núm.7 (Abril, 2006), Páginas 12-13 |
| 500 ## - NOTA GENERAL | |
| Nota General | Periodista de crónicas de la revista Soho. |
| 773 0# - HOST ITEM ENTRY | |
| Title | Arcadia / Andrés Felipe Solano, Editor |
| 942 ## - TIPO DE MATERIAL (KOHA) | |
| Tipo de Item KOHA | Artículos de Revista |
| Estado de Material | Estado de Perdido | Estado de Dañado | No para Préstamo | Colección | Biblioteca de Origen | Biblioteca Permanente | Fecha de Adquisición | Total de Préstamos | Signatura Topográfica | Última vez visto | Fecha de Remplazo | Tipo de Material |
|---|---|---|---|---|---|---|---|---|---|---|---|---|
| Colección de Hemeroteca | Biblioteca FUSBC | Biblioteca FUSBC | 26/01/2016 | 26/01/2016 | 26/01/2016 | Artículos de Revista |
